000
003010000a22001330004500
005
20120302062650.0
942
_c
BOOK
100
_a
_a
_b
_c
245
_a
JULALYA SAGALYA TYA AATHAVANI
260
_a
MUMBAI : LALITA PHADKE
300
_a
142 P.
040
_a
MAR
650
_a
SANKIRNA / SUDHIR PHADKE
999
_c
357326
_d
357323